nfl teams best offensive players - Statistics

General Stats
  • This quiz has been taken 42 times
  • The average score is 44 of 128
Answer Stats
team position player % Correct
Saints QB drew brees
90%
patriots QB Tom brady
90%
WR Calvin johnson
79%
TE Rob gronkowski
79%
RB Alvin kamara
76%
WR andre johnson
76%
WR Chad johnson
76%
cheifs QB Patrick mahomes
76%
packers QB Aaron Rodgers
72%
lions QB matthew stafford
72%
WR Jerry rice
69%
49ers QB Joe montana
69%
falcons QB matt ryan
69%
RB Barry sanders
66%
panthers QB cam newton
66%
dolphins QB Dan marino
66%
giants QB Eli manning
66%
WR Julio jones
66%
WR keenan allen
66%
WR mike evans
66%
colts QB Peyton manning
66%
WR Randy moss
66%
WR tyreek hill
66%
WR Antonio brown
62%
RB emmitt smith
62%
RB Jim brown
62%
broncos QB John elway
62%
RB Marcus allen
62%
WR tim brown
62%
WR harlon hill
59%
WR jimmy smith
59%
WR rod smith
59%
seahawks QB Russell wilson
59%
WR steve smith
59%
RB Adrian peterson
55%
RB Franco harris
55%
bills QB Jim kelly
55%
ravens QB Joe flacco
55%
rams QB Kurt warner
55%
RB Marshawn lynch
55%
chargers QB Phillip rivers
55%
RB Walter payton
55%
steelers QB Ben roethlisberger
52%
TE tony gonzalez
52%
titans/oilers QB warren moon
52%
raiders QB Derek carr
48%
buccaneers QB jameis winston
48%
TE jimmy graham
48%
RB ladainian tomlinson
48%
WR Larry fitzgerald
48%
WR Marvin harrison
48%
RB Oj simpson
48%
cowboys QB tony romo
48%
eagles QB Donovan mcnabb
45%
TE Antonio gates
41%
RB derrick henry
41%
vikings QB Fran tarkenton
41%
TE greg olsen
41%
RB marshall faulk
41%
bears QB Jay cutler
38%
WR Terrell owens
38%
jets QB Joe namath
34%
WR steve largent
34%
jaguars QB Blake bortles
31%
RB Fred taylor
31%
RB Jim taylor
31%
TE Mike ditka
31%
WR wes welker
31%
TE George kittle
28%
RB lesean mccoy
28%
TE shannon sharpe
28%
RB william andrews
28%
WR Isaac bruce
24%
RB jonathan stewart
24%
RB Terrell davis
24%
RB tiki barber
24%
cardinals QB Carson palmer
21%
RB edgerrin james
21%
RB Jamal lewis
21%
WR andre reed
17%
commanders/redskins QB joe theismann
17%
bengals QB Ken anderson
17%
RB ottis anderson
17%
texans QB Cj stroud
14%
RB Corey dillon
14%
TE Dallas clark
14%
WR don hutson
14%
WR marques colston
14%
TE Zach ertz
14%
RB Curtis martin
10%
TE Darren waller
10%
WR derrick mason
10%
RB Larry csonka
10%
TE ozzie newsome
10%
RB priest holmes
10%
RB Arian foster
7%
browns QB Brian sipe
7%
WR don maynard
7%
WR mark duper
7%
TE Owen daniels
7%
WR art monk
3%
RB Christan mccaffrey
3%
TE Frank wycheck
3%
RB John riggins
3%
RB Sam cunningham
3%
TE trey mcbride
3%
TE alge crumpler
0%
WR amani toomer
0%
TE Bob trumpy
0%
TE charlie sanders
0%
WR dante lavelli
0%
TE dennis pitta
0%
WR Ernest givins
0%
TE ernie warlick
0%
TE Evan engram
0%
WR Harold carmicheal
0%
TE heath miller
0%
RB James wilder
0%
TE Jerry smith
0%
TE jimmie giles
0%
TE Mercedes lewis
0%
TE mickey shuler
0%
TE Mike trice
0%
TE Pettis norman
0%
TE randy mcmichael
0%
TE raymond chester
0%
TE steve jordan
0%
TE Tyler higbee
0%
No matching quizzes found
Score Distribution
Percent of People with Each Score
Percentile by Number Answered
Your Score History
You have not taken this quiz